| Tag |
First Indicator |
Second Indicator |
Subfields |
| LEADER |
00000cas a2200000 a 4500 |
| 001 |
in00000089188 |
| 005 |
20151008065336.0 |
| 008 |
811102c19819999ne x m 0 a0eng d |
| 010 |
|
|
|a 83640641
|z sn 82020268
|
| 016 |
7 |
|
|a 8109583
|2 DNLM
|
| 016 |
7 |
|
|a R24680000
|2 DNLM
|
| 022 |
0 |
|
|a 0732-1317
|
| 029 |
1 |
|
|a NLGGC
|b 820337706
|
| 035 |
|
|
|a (OCoLC)ocm07650349
|
| 040 |
|
|
|a HOU
|c HOU
|d IXA
|d NST
|d NLM
|d NSD
|d DLC
|d NST
|d HUL
|d DLC
|d RCS
|d NST
|d DLC
|d NST
|d IUL
|d NST
|d SYS
|d HNK
|d GUA
|d UtOrBLW
|
| 042 |
|
|
|a lc
|a nsdp
|a nst
|
| 049 |
|
|
|a TXAM
|
| 050 |
0 |
0 |
|a H97
|b .R47
|
| 060 |
0 |
0 |
|a W1
|b RE227KM
|
| 082 |
0 |
|
|a 361.6/1/05
|2 19
|
| 210 |
0 |
|
|a Res. public policy anal. manage.
|
| 222 |
|
0 |
|a Research in public policy analysis and management
|
| 245 |
0 |
0 |
|a Research in public policy analysis and management :
|b official publication of the Association for Public Policy Analysis and Management.
|
| 264 |
|
1 |
|a Greenwich, Conn. :
|b JAI Press,
|c [1981-]
|
| 264 |
|
4 |
|c ©1981-
|
| 300 |
|
|
|a volumes :
|b illustrations ;
|c 24 cm.
|
| 310 |
|
|
|a Irregular
|
| 336 |
|
|
|a text
|b txt
|2 rdacontent
|
| 337 |
|
|
|a unmediated
|b n
|2 rdamedia
|
| 338 |
|
|
|a volume
|b nc
|2 rdacarrier
|
| 362 |
0 |
|
|a Vol. 1-
|
| 500 |
|
|
|a Consists of a selection of the best papers presented at the Association's annual research conference.
|
| 500 |
|
|
|a Some volumes also have distinctive titles.
|
| 500 |
|
|
|a Published: Stamford, Conn., 1998-1999; Amsterdam ; Oxford, 2001-
|
| 515 |
|
|
|a None published 1982-1985.
|
| 515 |
|
|
|a Some vols. issued in parts.
|
| 500 |
|
|
|a Editor: 1981, John P. Crecine.
|
| 530 |
|
|
|a Also available online.
|
| 536 |
|
|
|a Vol.1-2 gifts of Dr. Paul P. Van Riper Collection, Department of Political Science.
|
| 650 |
|
0 |
|a Policy sciences
|v Periodicals.
|
| 650 |
|
2 |
|a Organization and Administration
|v Congresses.
|
| 650 |
|
2 |
|a Public Policy
|v Congresses.
|
| 650 |
|
2 |
|a Research
|v Congresses.
|
| 700 |
1 |
|
|a Crecine, John P.,
|d 1939-
|
| 710 |
2 |
|
|a Association for Public Policy Analysis and Management (U.S.)
|
| 770 |
0 |
|
|t Research in public policy analysis and management. Supplement
|w (DLC)sc 83006240
|w (OCoLC)9289114
|
| 776 |
1 |
|
|t Research in public policy analysis and management (Online)
|w (DLC) 2006263205
|w (OCoLC)64555108
|
| 891 |
0 |
3 |
|9 853
|8 1
|a v.
|i (year)
|w x
|
| 891 |
4 |
0 |
|9 863
|8 1.1
|a 1
|i 1981
|
| 936 |
|
|
|a Vol. 11 (2001) LIC
|
| 994 |
|
|
|a C0
|b TXA
|
| 999 |
|
|
|a MARS
|
| 999 |
f |
f |
|s ce7abda7-9813-3479-9df1-7adba55a907f
|i 9eaaea2d-4f1f-3e87-9540-853db2c335c1
|t 0
|
| 952 |
f |
f |
|p ric
|a Texas A&M University
|b Rellis Campus
|c Joint Library Facility
|d Remote Storage
|t 0
|e H97 .R47
|h Library of Congress classification
|i unmediated -- volume
|k v.2
|m A14809816235
|
| 952 |
f |
f |
|p ric
|a Texas A&M University
|b Rellis Campus
|c Joint Library Facility
|d Remote Storage
|t 0
|e H97 .R47
|h Library of Congress classification
|i unmediated -- volume
|k v.1
|m A14806118214
|
| 952 |
f |
f |
|a Texas A&M University
|b College Station
|c Policy Sciences & Economics Library
|d PSEL: Stacks
|t 0
|e H97 .R47
|h Library of Congress classification
|
| 998 |
f |
f |
|a H97 .R47
|s v.1-2,10,13
|t 0
|l Remote Storage
|
| 998 |
f |
f |
|a H97 .R47
|s v.13-14
|t 0
|l PSEL: Stacks
|